LEADER 01030cam0 2200301 450 001 000014899 005 20090218111237.0 100 $a20080729d1954----km-y0itay50------ba 101 0 $afre 102 $aFR 105 $aa-------001yy 200 1 $aMéthode statistique$fE. Morice, F. Chartier 210 $aParis$cImprimerie nationale$d1954 215 $a2 v.$cill.$d27 cm 300 $aIn test. al front.: Institut National de la Statistique et des études économiques pour la métropole et la France d'outre-Mer. 327 1 $a1.: Élaboration des statistiques$a2.: Analyse statistique 500 10$aMéthode statistique$935273 610 1 $aStatistica$aMetodologia 700 1$aMorice,$bEugène$012489 701 1$aChartier,$bFernand$0101792 801 0$aIT$bUNIPARTHENOPE$c20080729$gRICA$2UNIMARC 912 $a000014899 951 $a211.1/43$b907$cNAVA2 951 $a211.1/44$b908$cNAVA2 951 $a211.1/45$b971$cNAVA2 951 $a211.1/46$b972$cNAVA2 996 $aMéthode statistique$935273 997 $aUNIPARTHENOPE LEADER 00757nam0-22002771i-450- 001 990002546830403321 035 $a000254683 035 $aFED01000254683 035 $a(Aleph)000254683FED01 035 $a000254683 100 $a20000920d1971----km-y0itay50------ba 101 0 $aENG 200 1 $a<>Introduction Transform Theory$fD.V. Widder. 210 $aNew York$cAcademic Press$d1971. 215 $a253 p.$d24 cm 610 0 $aFunzioni speciali 676 $a519 700 1$aWidder,$bDavid Vernon$f<1898- >$0308275 801 0$aIT$bUNINA$gRICA$2UNIMARC 901 $aBK 912 $a990002546830403321 952 $aMIX-B-16$b2401 m$fMAS 959 $aMAS 996 $aIntroduction Transform Theory$9437576 997 $aUNINA DB $aING01